| 000 | 00000nam##2200000za#4500 |
| 001 | 9.587692 |
| 003 | CaOODSP |
| 005 | 20210624194745 |
| 007 | cr ||||||||||| |
| 008 | 150406|2007||||xxc|||||o f|0| 0 fre|d |
| 022 | |a1701-1280 |
| 040 | |aCaOODSP|bfre |
| 041 | |aeng |
| 041 | |afre |
| 043 | |an-cn--- |
| 086 | 1 |aFs70-4/2007-025-PDF |
| 110 | 1 |aCanada. |bMinistère des pêches et des océans. |
| 245 | 10|aAtelier fédéral-provincial-territorial sur les zones de gestion côtière : |h[ressource électronique]|bles 16 et 17 mai 2007, Hôtel Crowne Plaza, Moncton (N.-B.) / |c[par] Michael Chadwick and Russell Henry. |
| 260 | |aOttawa - Ontario : |bPêches et Océans Canada |cAoût 2007. |
| 300 | |a113p.|bfigures en couleur, tableaux |
| 490 | 1 |aSecrétariat canadien de consultation scientifique, série des comptes rendus|x1701-1280|v2007/025 |
| 590 | |a11-32-Supp|b2011-12-20 |
| 720 | 1 |aChadwick, Michael |
| 720 | 1 |aHenry, Russell |
| 791 | |tNational federal-provincial-territorial coastal management areas workshop : |eeng|w(CaOODSP)9.587691 |
| 830 | #0|aCompte rendu (Secrétariat canadien de consultation scientifique)|x1701-1280|v2007/025|w(CaOODSP)9.500508 |
| 856 | 40|ahttp://publications.gc.ca|qPDF|s755 Ko|uhttps://publications.gc.ca/collections/collection_2011/mpo-dfo/Fs70-4-2007-025.pdf|y2007/025 |